[Event "Castellon Region-ch"]
[Site "Vila Real"]
[Date "2015.11.03"]
[Round "2"]
[White "Ventura Cobos, Ana"]
[Black "Gimenez Menchon, Cesar"]
[Result "0-1"]
[WhiteElo "1400"]
[BlackElo "2149"]
[PlyCount "46"]
[EventDate "2015.10.03"]
[EventType "swiss"]
[EventRounds "7"]
[EventCountry "ESP"]
[SourceTitle "EXT 2024"]
[Source "ChessBase"]
[SourceDate "2023.10.10"]
[SourceVersion "1"]
[SourceVersionDate "2023.10.10"]
[SourceQuality "1"]

1. e4 d6 2. d4 Nf6 3. Nc3 Nbd7 4. Nf3 e5 5. dxe5 dxe5 6. Bg5 Bb4 7. Bd3 0-0 8. 0-0 c6 9. Bxf6 Qxf6 10. Ne2 Nc5 11. c3 Nxd3 12. Qxd3 Bc5 13. Rad1 Bg4 14. b4 Bb6 15. c4 Bc7 16. Rd2 Qh6 17. Rfd1 f5 18. exf5 e4 19. Qc2 exf3 20. Ng3 fxg2 21. Kxg2 Qh3+ 22. Kg1 Bf3 23. Re1 Qg2# 0-1